Stati per Esportazioni pro capite - Africa - Statistics

Statistiche generali
  • Questo quiz è stato fatto 4 volte
  • Il punteggio medio è 7 su 10
Statistiche sulle risposte
Esportazioni pro capite ($) Nazione % Corretto
1 436 Algeria
100%
1 443 Angola
100%
1 694 Marocco
100%
2 262 Sudafrica
100%
3 935 Gabon
75%
2 829 Namibia
75%
3 388 Botswana
50%
1 745 eSwatini
25%
5 005 Gibuti
25%
20 728 Seychlles
0%
Nessun quiz corrispondente trovato
Distribuzione punteggi
Percentuale di utenti per punteggio
Percentile per numero di risposta
I tuoi punteggi nel tempo
Non hai fatto questo quiz